000 00537nam a2200217Ia 4500
003 OSt
005 20220928141121.0
006 a|||||r|||| 00| 0
007 ta
008 220927b |||||||| |||| 00| 0 eng d
024 _a13789
037 _cTextual
040 _aSDCL
_cSDCL
_beng
041 _2eng
_aeng
082 _aO-,6L09:g, H1
100 _aWimsatt W K
_9490614
245 0 _aProse style of Samuel Johnson.
260 _c1941
942 _hO-,6L09:g, H1
_cTEXL
_2CC
999 _c816198
_d816198